| 000 | 00604nam a2200229 i 4500 | ||
|---|---|---|---|
| 999 |
_c200445278 _d63490 |
||
| 003 | TR-AnTOB | ||
| 005 | 20211122134943.0 | ||
| 007 | ta | ||
| 008 | 211122s1990 sp 00| 0 eng d | ||
| 040 |
_aTR-AnTOB _beng _erda _cTR-AnTOB |
||
| 041 | 0 | _aeng | |
| 050 | 1 | _aH | |
| 099 | _aREH CAP 1990 | ||
| 245 | 0 | 0 | _aThe Capital goods Spanish industry. |
| 264 | 1 |
_aMadrid: _bSercobe, _c1990. |
|
| 300 |
_a94 pages: _billustrations; _c30 cm |
||
| 336 |
_2rdacontent _atext _btxt |
||
| 337 |
_2rdamedia _aunmediated _bn |
||
| 338 |
_2rdacarrier _avolume _bnc |
||
| 942 |
_2lcc _cBK |
||